MARC детайли
| 000 -Лидер |
| Контролно поле с фиксирана дължина |
02662nam a2200577 c 4500 |
| 003 - Код на организацията, давaща контролен номер |
| Контролно поле |
BLK |
| 005 - Дата и час на последна редакция |
| Контролно поле |
20250313142304.0 |
| 008 - Елементи от данни с фиксирана дължина |
| fixed length control field |
180411b bul|||||r ||||||| ||bul|| |
| 010 ## - Наследен системен номер |
| LC control number |
KNG00199070000 |
| 040 ## - Източник на каталожния запис |
| Идентификатор на билиотеката - собственик на записа |
BLK |
| 041 ## - Код за език |
| Код за езика на текст/звукозапис или на отделно заглавие |
Български |
| Код за езика КДБФ |
Български |
| 072 #7 - Код за тематичната категория |
| Код организация |
bullib |
| Код за тематична категория |
Н35 |
| Текст |
Обществено управление. Военни науки Н |
| 072 #7 - Код за тематичната категория |
| Код организация |
bullib |
| Код за тематична категория |
К |
| Текст |
Краезнание |
| 072 #7 - Код за тематичната категория |
| Код организация |
bullib |
| Код за тематична категория |
РА |
| Текст |
Русенски автори |
| 080 ## - УДК |
| Текстов определител УДК |
Пехота. Обща военна служба |
| УДК код - определител по УДК |
356 |
| УДК определител |
(497.2)(092) |
| УДК - код + определител |
356(497.2)(092) |
| 080 ## - УДК |
| Текстов определител УДК |
Военна история - Военни походи, битки, героични подвизи. Вж и 93/99 |
| УДК код - определител по УДК |
355.48 |
| УДК определител |
(497.2) |
| УДК - код + определител |
355.48(497.2) |
| 080 ## - УДК |
| УДК код - определител по УДК |
949.72.04/.05 |
| УДК - код + определител |
949.72.04/.05 |
| 080 ## - УДК |
| Текстов определител УДК |
Български генерал и русенски гражданин |
| УДК код - определител по УДК |
929 Драндаревски, Христо Попкостов |
| УДК - код + определител |
929 Драндаревски, Христо Попкостов |
| 100 1# - Редна дума - Автор |
| Автор |
Игнатова, Красимира Русева |
| Авторска отговорност |
първи автор |
| R(LIN) |
380727 |
| 139 ## - Редно поле |
| Редна дума |
Игнатова, Красимира Русева |
| Авторски знак |
Драи - Д 87 |
| 245 10 - Сведения за заглавието |
| Заглавие |
Генерал-майор Христо Драндаревски |
| Редно поле (дума) |
Красимира Русева Игнатова. |
| 257 ## - Страна на издаване |
| Страна на създаване/издаване |
България |
| 260 ## - Област на издателските данни |
| Година на издаване |
2016 |
| 300 ## - Физическа характеристика |
| Страници |
80 с. |
| Илюстрации и др. |
със сн., факс. |
| Размери/Мащаб |
20 см |
| 380 ## - Жанр |
| Жанр |
Обществени науки |
| 500 ## - Общи забележки |
| Забележка |
Изд. на Регион. съюз на офицерите и сержантите от запаса и резерва - Русе, Воен. клуб - Русе. - Бел. и библиогр. с. 44-47. |
| 600 14 - Име на лице, използвано като предмет |
| За него / За нея |
Драндаревски, Христо Попкостов |
| 9 (RLIN) |
345016 |
| 650 #4 - Допълнително описание по предмет – тема |
| Основно описание – тема или топоним |
Драндаревски, Христо Попкостов |
| 9 (RLIN) |
345016 |
| 650 #4 - Допълнително описание по предмет – тема |
| Основно описание – тема или топоним |
Пълководци и генерали, български |
| 9 (RLIN) |
268741 |
| 650 #0 - Допълнително описание по предмет – тема |
| Основно описание – тема или топоним |
България - военно дело |
| 9 (RLIN) |
282365 |
| 651 #4 - Допълнително описание по предмет - топоним |
| Географско понятие |
Русе |
| 9 (RLIN) |
179462 |
| 651 #4 - Допълнително описание по предмет - топоним |
| Географско понятие |
България |
| 9 (RLIN) |
241624 |
| 653 ## - Ключова дума – ненормативна |
| Ключова дума |
Христо Драндаревски |
| 653 ## - Ключова дума – ненормативна |
| Ключова дума |
генерали |
| 653 ## - Ключова дума – ненормативна |
| Ключова дума |
български офицери |
| 653 ## - Ключова дума – ненормативна |
| Ключова дума |
пехота |
| 653 ## - Ключова дума – ненормативна |
| Ключова дума |
военна история |
| 653 ## - Ключова дума – ненормативна |
| Ключова дума |
българска армия |
| 653 ## - Ключова дума – ненормативна |
| Ключова дума |
българска история |
| 653 ## - Ключова дума – ненормативна |
| Ключова дума |
русенци |
| 659 ## - Тематичен бюлетин |
| Тематичен бюлетин |
К |
| 659 ## - Тематичен бюлетин |
| Тематичен бюлетин |
Н |
| 852 ## - Местоположение |
| Форматна сигнатура |
Цб 284021 |
| 852 ## - Местоположение |
| Форматна сигнатура |
К 35/Д 87 К |
| 856 4# - Електронен адрес и достъп |
| Електронен формат |
pdf - файл |
| 856 4# - Електронен адрес и достъп |
| Електронен формат |
pdf - файл |
| 999 ## - СИСТЕМНИ КОНТРОЛНИ НОМЕРА |
| Koha biblionumber |
190011 |
| Koha biblioitemnumber |
190011 |
| 942 ## - АРТИКУЛИ |
| Вид на библиотечния материал |
Книги |
| Скрит в OPAC |
Не |
| Периодичен библиозапис |
Да |
| Koha issues (borrowed), all copies |
1 |
| 944 ## - СЪЗДАВАНЕ И РЕДАКЦИЯ на ЗАПИСА |
| Създаване/Редакция |
Създаване |
| Дата на регистрацията/редакция |
09.01.2017 |
| Статус, дата на статуса |
Радостина Карадакова |
| Служител, извършил регистрацията/редакцията |
30534 |
| 944 ## - СЪЗДАВАНЕ И РЕДАКЦИЯ на ЗАПИСА |
| Създаване/Редакция |
Редакция |
| Дата на регистрацията/редакция |
13.03.2017 |
| Статус, дата на статуса |
ф / |
| Служител, извършил регистрацията/редакцията |
Людмила_Стоянова |
| 999 ## - СИСТЕМНИ КОНТРОЛНИ НОМЕРА |
| Koha biblioitemnumber |
190011 |